Catálogo

Lenguaje incluyente y no sexista / (Registro nro. 24456)

Detalles MARC
000 -LEADER
fixed length control field 00635cam a2200205 i 4500
001 - CONTROL NUMBER
control field 24456
003 - CONTROL NUMBER IDENTIFIER
control field Mx-PuUPA
005 - DATE AND TIME OF LATEST TRANSACTION
control field 20260122163911.0
008 - FIXED-LENGTH DATA ELEMENTS--GENERAL INFORMATION
fixed length control field 140415s2025 mx gr 000 0 spa d
020 ## - INTERNATIONAL STANDARD BOOK NUMBER
International Standard Book Number 9786074512540
040 ## - CATALOGING SOURCE
Transcribing agency Mx-PuUPA
041 ## - LANGUAGE CODE
Language code of text/sound track or separate title spa
082 04 - DEWEY DECIMAL CLASSIFICATION NUMBER
Classification number xx
Item number xx
Edition number 23
100 1# - MAIN ENTRY--PERSONAL NAME
Personal name MENENDEZ CASTREJON, JUAN CARLOS
245 ## - TITLE STATEMENT
Title Lenguaje incluyente y no sexista /
Statement of responsibility, etc. Miriam Lucía Ibarra Meléndez, Víctor Irving Ayala Cuevas
264 #1 - PRODUCTION, PUBLICATION, DISTRIBUTION, MANUFACTURE, AND COPYRIGHT NOTICE
Place of production, publication, distribution, manufacture Ciudad de México :
Name of producer, publisher, distributor, manufacturer ANUIES,
Date of production, publication, distribution, manufacture, or copyright notice ©2025
300 ## - PHYSICAL DESCRIPTION
Extent 76 páginas ;
Dimensions 22 cm
942 ## - ADDED ENTRY ELEMENTS (KOHA)
Source of classification or shelving scheme Dewey Decimal Classification
Koha item type Libro
Classification part xx
Item part xx
Existencias
Withdrawn status Lost status Source of classification or shelving scheme Damaged status Not for loan Collection code Home library Current library Shelving location Date acquired Source of acquisition Total Checkouts Full call number Barcode Price effective from Koha item type
    Dewey Decimal Classification   En catalogación General Biblioteca Karol Wojtyla Biblioteca Karol Wojtyla Procesos técnicos 03/12/2013 Donación   xx 45627 03/12/2013 Libro
    Dewey Decimal Classification   En catalogación General Biblioteca Karol Wojtyla Biblioteca Karol Wojtyla Procesos técnicos 03/12/2013 Donación   xx 45626 03/12/2013 Libro